000 00954cam a2200217 4500
001 ABS63469
008 000000n2001 000 0 eng u
035 _a(Sirsi) u110824
100 _aBaldock, H.
245 _aHow the urban renaissance got lost
260 _c2001
490 _aBuilding
_v266(8167) 2 February 2001, 38-43(6)
520 _aA special feature considering the failure of the millennium village at Allerton Bywater in West Yorkshire where local residents successfully opposed plans by English Partnerships and the developer. Two years after the launch of the project a new scheme is to be presented to planners with greater emphasis on new benefits and amenities for the existing community.
590 _aABS
650 _aALLERTON BYWATER
650 _aMILLENNIUM VILLAGE
650 _aURBAN REGENERATION
650 _aURBAN RENAISSANCE
690 _aENVIRONMENTAL AND LAND CONSULTANCY-PLANNING AND DEVELOPMENT
942 _n0
999 _c66070
_d66070